[Event "N� LL 2004/05"]
[Site "?"]
[Date "2004.10.31"]
[Round "4"]
[White "Schmid, Thomas"]
[Black "Kropik, Martin"]
[Result "1-0"]
[WhiteElo "2152"]
[BlackElo "2076"]
[Annotator "Stockerau : Waidhofen"]
[PlyCount "69"]

1. e4 c5 2. Nf3 Nc6 3. Bb5 g6 4. Bxc6 dxc6 5. d3 Bg7 6. O-O Nf6 7. h3 Nd7 8.
Nc3 Nf8 9. Be3 Ne6 10. Qd2 Nd4 11. Nh2 O-O 12. f4 Qa5 13. Qf2 Qb4 14. Rab1 Rd8
15. e5 Be6 16. a3 Qa5 17. Ne4 b6 18. b4 Qa4 19. bxc5 Qxc2 20. Bxd4 Qxd3 21. Nd6
exd6 22. cxd6 Rf8 23. Ng4 Rad8 24. Rbd1 Qf5 25. Rfe1 g5 26. fxg5 Qxg5 27. Be3
Qg6 28. Nf6+ Bxf6 29. exf6 Bd5 30. Rd4 h5 31. Bf4 Qxf6 32. Re5 Rfe8 33. Rxh5
Rxd6 34. Qg3+ Qg6 35. Bxd6 1-0

[Event "N� LL 2004/05"]
[Site "?"]
[Date "2004.11.14"]
[Round "5"]
[White "D�ckstein, Andreas"]
[Black "Eibersberger, Manfred"]
[Result "1/2-1/2"]
[WhiteElo "2288"]
[BlackElo "2072"]
[Annotator "Baden-Zwettl"]
[PlyCount "46"]
[EventDate "2004.09.20"]

1. e4 c5 2. Nf3 g6 3. d4 cxd4 4. Nxd4 Bg7 5. Nc3 Nc6 6. Be3 Nf6 7. Nxc6 bxc6 8.
e5 Nd5 9. Nxd5 cxd5 10. Qxd5 Rb8 11. Bc4 e6 12. Qc5 Bb7 13. O-O Rc8 14. Qb4 Qc7
15. Bb5 Bxe5 16. Rad1 Bc6 17. Bxc6 Qxc6 18. b3 d5 19. c4 dxc4 20. bxc4 Qxc4 21.
Qa3 Qc3 22. Qa4+ Qc6 23. Qa3 Qc3 1/2-1/2

[Event "N� LL 2004/05"]
[Site "?"]
[Date "2004.11.14"]
[Round "5"]
[White "Sulyok, Michael"]
[Black "Zwettler, Martin"]
[Result "0-1"]
[WhiteElo "2161"]
[BlackElo "2183"]
[Annotator "Baden-Zwettl"]
[PlyCount "90"]
[EventDate "2004.09.20"]

1. Nf3 g6 2. c4 Bg7 3. Nc3 d6 4. g3 e5 5. Bg2 f5 6. d3 Nf6 7. O-O O-O 8. Rb1
Nh5 9. Bd2 a5 10. a3 f4 11. b4 axb4 12. axb4 Bg4 13. Qb3 Nc6 14. e3 h6 15. c5+
Kh7 16. cxd6 cxd6 17. Rbc1 Ne7 18. b5 d5 19. exf4 exf4 20. d4 fxg3 21. fxg3 Nf5
22. Qxd5 Bxf3 23. Bxf3 Qxd5 24. Bxd5 Bxd4+ 25. Kh1 Nfxg3+ 26. hxg3 Nxg3+ 27.
Kg2 Nxf1 28. Rxf1 Rxf1 29. Kxf1 Bxc3 30. Bxc3 Rc8 31. Be1 Rc5 32. Bxb7 Rxb5 33.
Be4 h5 34. Kg2 Kh6 35. Bd2+ g5 36. Bc1 Re5 37. Bd3 h4 38. Kh3 Re1 39. Bd2 Rd1
40. Bxg5+ Kxg5 41. Be2 Ra1 42. Bb5 Ra3+ 43. Kh2 h3 44. Bd7 Kh4 45. Be6 Rd3 0-1

[Event "N� LL 2004/05"]
[Site "?"]
[Date "2004.11.14"]
[Round "5"]
[White "Vykydal, Frantisek"]
[Black "Zojer, Thomas"]
[Result "1/2-1/2"]
[WhiteElo "2246"]
[BlackElo "1982"]
[Annotator "Baden-Zwettl"]
[PlyCount "116"]
[EventDate "2004.09.20"]

1. e4 c5 2. Nc3 Nc6 3. g3 Nf6 4. Bg2 g6 5. d3 Bg7 6. Be3 d6 7. h3 Rb8 8. Nge2
e5 9. f4 b6 10. O-O Nd4 11. Qd2 O-O 12. Rf2 Ne8 13. Raf1 Rb7 14. f5 f6 15. fxg6
hxg6 16. g4 Nxe2+ 17. Rxe2 Nc7 18. g5 Ne6 19. gxf6 Bxf6 20. Nd5 Bg5 21. Rxf8+
Kxf8 22. Rf2+ Kg7 23. Bxg5 Qxg5 24. Qxg5 Nxg5 25. h4 Nh7 26. Kh2 Be6 27. Nc3
Nf6 28. Bf3 a6 29. Kg3 b5 30. Nd1 a5 31. b3 b4 32. Ne3 Rf7 33. Rg2 Kh7 34. Rg1
Kh6 35. Ra1 Ra7 36. a3 bxa3 37. Rxa3 Nd7 38. Bg4 Bxg4 39. Nxg4+ Kg7 40. Ne3 Nb6
41. Nc4 Nxc4 42. dxc4 Kf6 43. c3 Rb7 44. Kf3 Rh7 45. Kg3 Rb7 46. Kg4 Rb8 47. h5
gxh5+ 48. Kxh5 Rh8+ 49. Kg4 Rb8 50. Kf3 Ke6 51. Ke3 Kd7 52. Kd3 Kc6 53. Kc2 Kb6
54. Ra1 Rh8 55. Rd1 Rh6 56. Rd2 Kc6 57. Kb2 Rh4 58. Re2 Rh3 1/2-1/2

[Event "N� LL 2004/05"]
[Site "?"]
[Date "2004.11.14"]
[Round "5"]
[White "Szvetits, Rene"]
[Black "Janetschek, Karl"]
[Result "1/2-1/2"]
[WhiteElo "1994"]
[BlackElo "2255"]
[Annotator "Baden-Zwettl"]
[PlyCount "37"]
[EventDate "2004.09.20"]

1. e4 c5 2. Nc3 Nc6 3. g3 g6 4. Bg2 Bg7 5. d3 e6 6. Be3 d6 7. Qd2 Nd4 8. O-O-O
Qa5 9. Kb1 Bd7 10. h4 Bc6 11. h5 O-O-O 12. Nf3 Nxf3 13. Bxf3 Ne7 14. Bg5 Rd7
15. Bxe7 Bxc3 16. Qxc3 Qxc3 17. bxc3 Rxe7 18. hxg6 fxg6 19. Bg4 1/2-1/2

[Event "N� LL 2004/05"]
[Site "?"]
[Date "2004.11.14"]
[Round "5"]
[White "Weissenbeck, Manuel"]
[Black "Rumpl, Erwin"]
[Result "1-0"]
[WhiteElo "2227"]
[BlackElo "2244"]
[Annotator "Amstetten : Mauerbach"]
[PlyCount "119"]
[EventDate "2004.09.20"]

1. e4 c5 2. Nf3 Nc6 3. Bb5 e6 4. O-O Nge7 5. Re1 a6 6. Bf1 d5 7. exd5 Nxd5 8.
d4 cxd4 9. Nxd4 Ndb4 10. Nxc6 Qxd1 11. Rxd1 Nxc6 12. Be3 Bd7 13. c4 Rc8 14. Nd2
f5 15. a3 a5 16. Rac1 e5 17. Bb6 Be7 18. Nb3 a4 19. Nc5 Bxc5 20. Bxc5 Be6 21.
Bd6 Kf7 22. c5 Rhe8 23. Bb5 Bb3 24. Re1 e4 25. Bc4+ Bxc4 26. Rxc4 Ra8 27. Kf1
Ra5 28. Re2 Ne5 29. Rb4 Ra7 30. Rc2 Nc6 31. Rbc4 Ne5 32. Rb4 Nc6 33. Rb6 Ke6
34. Rd2 Rd8 35. h4 Rd7 36. Ke2 Ra8 37. Ke3 g6 38. Rd1 h5 39. Kf4 Kf7 40. Ke3
Ra5 41. Rd2 Ra8 42. Bf4 Rad8 43. Rd6 Ne7 44. Bg5 Nd5+ 45. Rxd5 Rxd5 46. Bxd8
Rxd8 47. Rxb7+ Ke6 48. Rb6+ Kd5 49. Rxg6 Kxc5 50. Rg5 Rd3+ 51. Kf4 Rd2 52.
Rxf5+ Kd4 53. Kg5 Rxb2 54. Kxh5 Ra2 55. Kg4 Rxa3 56. h5 Rb3 57. h6 a3 58. Ra5
Rb6 59. h7 Rb8 60. Rxa3 1-0

[Event "N� LL 2004/05"]
[Site "?"]
[Date "2004.11.14"]
[Round "5"]
[White "Wadsack, Wolfgang"]
[Black "Penz, Harald"]
[Result "1-0"]
[WhiteElo "2178"]
[BlackElo "2269"]
[Annotator "Amstetten : Mauerbach"]
[PlyCount "85"]
[EventDate "2004.09.20"]

1. e4 e5 2. Nc3 Nf6 3. Nf3 Nc6 4. d4 Bb4 5. d5 Ne7 6. Nxe5 d6 7. Bb5+ Kf8 8.
Nf3 Nxe4 9. Bd2 Bxc3 10. Bxc3 Nxc3 11. bxc3 Bd7 12. Bxd7 Qxd7 13. O-O b6 14. c4
h5 15. Qd3 c5 16. a4 Re8 17. Rfe1 Nc8 18. Rxe8+ Qxe8 19. a5 Qd7 20. h3 Rh6 21.
axb6 Nxb6 22. Ng5 h4 23. Qe4 Rh5 24. f4 g6 25. Re1 Kg7 26. Qe7 Qxe7 27. Rxe7
Nxc4 28. Rxf7+ Kg8 29. Rxa7 Ne3 30. Kf2 Nxd5 31. Kf3 Nb4 32. Rd7 Nxc2 33. Rxd6
Kg7 34. Rd7+ Kf8 35. Rc7 Ne1+ 36. Ke4 Nxg2 37. Rxc5 Ke7 38. Re5+ Kf6 39. Re6+
Kg7 40. Kf3 Nxf4 41. Kxf4 Kh6 42. Re5 Kg7 43. Ne6+ 1-0

[Event "N� LL 2004/05"]
[Site "?"]
[Date "2004.11.14"]
[Round "5"]
[White "Schorn, Christoph"]
[Black "Bachmayer, Josef"]
[Result "0-1"]
[WhiteElo "2152"]
[BlackElo "2088"]
[Annotator "Amstetten : Mauerbach"]
[PlyCount "78"]
[EventDate "2004.09.20"]

1. e4 c5 2. Nf3 Nc6 3. d4 cxd4 4. Nxd4 g6 5. Nc3 Bg7 6. Be3 d6 7. Bc4 Qa5 8.
Qd2 Qb4 9. Bb5 Bd7 10. a3 Qa5 11. O-O Nf6 12. Rad1 a6 13. Nb3 Qc7 14. Be2 O-O
15. f4 Be6 16. Nd5 Bxd5 17. exd5 Nb8 18. c4 Nbd7 19. Bd4 b6 20. Bd3 a5 21. Bc3
Nc5 22. Nxc5 Qxc5+ 23. Qf2 Nd7 24. Bxg7 Kxg7 25. Rde1 Rfe8 26. Re3 Qd4 27. Rfe1
Nc5 28. Bf1 Qf6 29. Rf3 a4 30. f5 g5 31. Qd2 h6 32. Qc3 Ra7 33. Rfe3 Qxc3 34.
Rxc3 Nd7 35. Rg3 Kf6 36. Rf3 Ne5 37. Rf2 Rc7 38. Rc1 Rec8 39. Rfc2 b5 0-1

[Event "N� LL 2004/05"]
[Site "MyTown"]
[Date "2004.11.14"]
[Round "5"]
[White "Wadsack, Winfried"]
[Black "Bechmann, Gerhard"]
[Result "1-0"]
[WhiteElo "2090"]
[BlackElo "2065"]
[Annotator "Amstetten : Mauerbach"]
[PlyCount "61"]
[EventDate "2004.??.??"]

1. e4 g6 2. d4 Bg7 3. c3 d6 4. f4 Nf6 5. Bd3 e5 6. Nf3 exd4 7. cxd4 c6 8. O-O
O-O 9. Qb3 Qb6 10. Nbd2 Qc7 11. h3 Nh5 12. Nb1 Be6 13. Bc4 d5 14. exd5 cxd5 15.
Bxd5 Bxd5 16. Qxd5 Rd8 17. Qb3 Nc6 18. Nc3 Nxd4 19. Nxd4 Bxd4+ 20. Kh2 Bxc3 21.
Qxc3 Qxc3 22. bxc3 Rd3 23. Rb1 b6 24. Rb3 Rc8 25. Re1 Ng3 26. c4 Rcd8 27. Bb2
Rxb3 28. axb3 Nh5 29. Re7 Nxf4 30. Rxa7 g5 31. Bf6 1-0

[Event "N� LL 2004/05"]
[Site "?"]
[Date "2004.11.14"]
[Round "5"]
[White "Winiwarter, Felix"]
[Black "Wukits, Rene"]
[Result "0-1"]
[WhiteElo "2210"]
[BlackElo "2244"]
[Annotator "Ternitz/Gloggnitz : Krems"]
[PlyCount "76"]

1. e4 c5 2. Nf3 e6 3. d4 cxd4 4. Nxd4 a6 5. Bd3 Bc5 6. Nb3 Be7 7. O-O d6 8. f4
Nd7 9. a4 b6 10. Nc3 Bb7 11. Qe2 Qc7 12. Bd2 Ngf6 13. Rae1 e5 14. Qf3 O-O 15.
f5 Rad8 16. g4 d5 17. exd5 Nc5 18. Nxc5 Bxc5+ 19. Kh1 Rxd5 20. Nxd5 Bxd5 21.
Re4 Qc6 22. Rfe1 Qxa4 23. Bc3 Re8 24. Kg2 Qc6 25. g5 Nxe4 26. Bxe4 Bxe4 27.
Qxe4 Qxe4+ 28. Rxe4 f6 29. gxf6 gxf6 30. Ra4 Ra8 31. Kf3 b5 32. Rg4+ Kf7 33.
Rh4 Rh8 34. Ke4 h5 35. Be1 Bg1 36. Rh3 Rc8 37. Rxh5 Rxc2 38. Rh7+ Kg8 0-1

[Event "N� LL 2004/05"]
[Site "?"]
[Date "2004.11.14"]
[Round "5"]
[White "Weinwurm, Wolfgang"]
[Black "W�ber, Friedrich"]
[Result "0-1"]
[WhiteElo "2126"]
[BlackElo "2189"]
[Annotator "Ternitz/Gloggnitz : Krems"]
[PlyCount "100"]

1. e4 d5 2. exd5 Nf6 3. Nf3 Qxd5 4. d4 Bg4 5. Be2 Nc6 6. c4 Qd7 7. Be3 e6 8.
O-O Be7 9. Nbd2 O-O 10. h3 Bh5 11. Ne5 Bxe2 12. Qxe2 Qd6 13. Ndf3 Nd7 14. Rfd1
Ncxe5 15. dxe5 Qc6 16. Nd4 Qe4 17. Nxe6 fxe6 18. Rxd7 Bc5 19. Rxc7 Rxf2 20.
Bxf2 Qxe2 21. Rxc5 Rd8 22. Rf1 h5 23. Rc7 Rd1 24. Rxd1 Qxd1+ 25. Kh2 Qd2 26.
Bc5 Qxb2 27. Bd6 Qxa2 28. Rxb7 Qxc4 29. Rxa7 Qf4+ 30. Kh1 Kh7 31. Re7 Qc4 32.
Rc7 Qf1+ 33. Kh2 Kh6 34. Re7 Qf5 35. Re8 Kg5 36. Rf8 Qe4 37. Re8 Qf4+ 38. Kg1
Qe3+ 39. Kh2 Kf5 40. Rf8+ Ke4 41. Rf7 g5 42. Rf6 g4 43. hxg4 hxg4 44. Rf8 Qe1
45. Rb8 Ke3 46. Bc7 Kf4 47. Rb4+ Kf5 48. Rb5 Qe2 49. Ra5 g3+ 50. Kh3 Qg4# 0-1

[Event "N� LL 2004/05"]
[Site "?"]
[Date "2004.11.14"]
[Round "5"]
[White "Polsterer, Manfred"]
[Black "Degen, Gerhard"]
[Result "1/2-1/2"]
[WhiteElo "2016"]
[BlackElo "2097"]
[Annotator "Ternitz/Gloggnitz : Krems"]
[PlyCount "33"]

1. e4 c6 2. d4 d5 3. f3 e6 4. e5 c5 5. c3 Qb6 6. f4 Nc6 7. Nf3 Nh6 8. Bd3 Bd7
9. Bc2 Rc8 10. O-O cxd4 11. cxd4 Nxd4 12. Nxd4 Rc4 13. Be3 Bc5 14. Nd2 Rxc2 15.
Nxc2 Bxe3+ 16. Nxe3 Qxe3+ 17. Kh1 1/2-1/2

[Event "N� LL 2004/05"]
[Site "?"]
[Date "2004.11.14"]
[Round "5"]
[White "Hangweyrer, Manfred"]
[Black "Knoll, Hermann"]
[Result "1/2-1/2"]
[WhiteElo "2331"]
[BlackElo "2351"]
[Annotator "P�chlarn : Stockerau"]
[PlyCount "112"]

1. e4 c5 2. Nc3 Nc6 3. Bb5 g6 4. Nf3 Bg7 5. O-O Nd4 6. Bc4 d6 7. Nxd4 cxd4 8.
Ne2 e6 9. c3 dxc3 10. dxc3 Ne7 11. Be3 O-O 12. Qd2 Qc7 13. Bb3 b6 14. Rad1 Ba6
15. Rfe1 Rad8 16. Bg5 Rfe8 17. Nd4 e5 18. Nc2 Bc4 19. Bxc4 Qxc4 20. Ne3 Qe6 21.
Nd5 Nxd5 22. exd5 Qd7 23. Bxd8 Rxd8 24. c4 f5 25. b4 h5 26. c5 bxc5 27. bxc5
dxc5 28. d6 Kh7 29. Qd5 Rc8 30. Rc1 c4 31. Rxc4 Rxc4 32. Qxc4 Qxd6 33. Qa4 Qc5
34. g3 e4 35. Kg2 Kh6 36. Qb3 h4 37. gxh4 Bf6 38. h5 gxh5 39. f3 Bc3 40. Rf1
Qe3 41. Qd1 Qd2+ 42. Qxd2+ Bxd2 43. fxe4 fxe4 44. Rf7 a5 45. Re7 e3 46. Kf3 Kg5
47. a4 Kf6 48. Re8 Kf5 49. h3 Kf6 50. h4 Kf7 51. Re5 Kf6 52. Rb5 Kf7 53. Ke2
Kf6 54. Kd3 Ke6 55. Kd4 Kf6 56. Kd3 Ke6 1/2-1/2

[Event "N� LL 2004/05"]
[Site "?"]
[Date "2004.11.14"]
[Round "5"]
[White "Lammer, Stefan"]
[Black "Gr�tz, Harald"]
[Result "0-1"]
[WhiteElo "2094"]
[BlackElo "2305"]
[Annotator "P�chlarn : Stockerau"]
[PlyCount "42"]

1. e4 c5 2. Nf3 d6 3. d4 cxd4 4. Nxd4 Nf6 5. Nc3 Nc6 6. Bc4 e6 7. Be3 Be7 8. f4
a6 9. Qf3 Nxd4 10. Bxd4 b5 11. e5 dxe5 12. Qxa8 exd4 13. Nxb5 axb5 14. Bxb5+
Bd7 15. Bxd7+ Nxd7 16. Qxd8+ Bxd8 17. a4 Ba5+ 18. Ke2 Ke7 19. Rhd1 Rc8 20. Rac1
Nc5 21. Rxd4 Nb3 0-1

[Event "N� LL 2004/05"]
[Site "?"]
[Date "2004.11.14"]
[Round "5"]
[White "Schmid, Thomas"]
[Black "Gruszka, Herbert"]
[Result "1/2-1/2"]
[WhiteElo "2152"]
[BlackElo "2076"]
[Annotator "P�chlarn : Stockerau"]
[PlyCount "74"]

1. e4 c6 2. d4 d5 3. Nc3 dxe4 4. Nxe4 Bf5 5. Ng3 Bg6 6. h4 h6 7. Nf3 Nd7 8. h5
Bh7 9. Bd3 Bxd3 10. Qxd3 Qc7 11. Bd2 e6 12. O-O-O Ngf6 13. Ne4 O-O-O 14. c4 c5
15. Nc3 cxd4 16. Nb5 Qb6 17. Bf4 Ne8 18. Qxd4 Bc5 19. Qd2 a6 20. Ne5 axb5 21.
Nxd7 Qa7 22. b4 Nf6 23. bxc5 Rxd7 24. Qb4 Qxa2 25. Qxb5 Rhd8 26. Bd6 Qa1+ 27.
Kc2 Qa2+ 28. Kc1 Ne4 29. c6 Qa1+ 30. Kc2 Qa2+ 31. Kc1 Qa1+ 32. Kc2 Qa2+ 33. Kc1
Qa1+ 34. Kc2 Qa2+ 35. Kc1 Qa1+ 36. Kc2 Qa2+ 37. Kc1 Qa1+ 1/2-1/2

[Event "N� LL 2004/05"]
[Site "?"]
[Date "2004.11.14"]
[Round "5"]
[White "Pernerstorfer, Johannes"]
[Black "Batyte, Daiva"]
[Result "1-0"]
[WhiteElo "2046"]
[BlackElo "2180"]
[Annotator "P�chlarn : Stockerau"]
[PlyCount "79"]

1. b3 Nf6 2. Bb2 d5 3. e3 Nbd7 4. f4 e6 5. Nf3 Bd6 6. d3 c5 7. g3 b5 8. Bg2 Bb7
9. O-O O-O 10. Nbd2 Qb6 11. Qe2 Rac8 12. Kh1 c4 13. Bd4 cxd3 14. cxd3 Bc5 15.
b4 Bxd4 16. Nxd4 Nb8 17. N2b3 Nc6 18. a3 Rfe8 19. Rac1 e5 20. Nxc6 Rxc6 21. Nc5
exf4 22. Rxf4 Qc7 23. Rcf1 Bc8 24. e4 Qe5 25. d4 Qxd4 26. Qxb5 Rb6 27. Qa4 Rf8
28. exd5 Qe3 29. Ne4 Ba6 30. Nxf6+ gxf6 31. Rd1 Be2 32. Re1 Qd2 33. Rg1 Ra6 34.
Qb3 Rc8 35. Rf2 Rc1 36. Bf1 Rxa3 37. Qxa3 Qxd5+ 38. Bg2 Rxg1+ 39. Kxg1 Qd1+ 40.
Bf1 1-0

[Event "N� LL 2004/05"]
[Site "?"]
[Date "2004.11.14"]
[Round "5"]
[White "Neubauer, Martin"]
[Black "Mahdy, Khaled"]
[Result "1-0"]
[WhiteElo "2401"]
[BlackElo "2339"]
[Annotator "Waidhofen : St.P�lten"]
[PlyCount "69"]

1. d4 g6 2. e4 Bg7 3. Nc3 d6 4. Be3 Nf6 5. Qd2 c6 6. f3 Qa5 7. h4 h5 8. Nh3
Nbd7 9. Ng5 O-O 10. Be2 b5 11. O-O b4 12. Nd1 Ba6 13. Bxa6 Qxa6 14. Qxb4 c5 15.
Qd2 cxd4 16. Bxd4 Rfd8 17. b3 Ne5 18. c4 Nc6 19. Bb2 e6 20. Nc3 Rab8 21. Rad1
Rd7 22. Qf4 Ne8 23. Qe3 Qa5 24. Rd2 Rdb7 25. Rfd1 Ne5 26. Nb5 a6 27. Bc3 Qb6
28. Qxb6 Rxb6 29. Nd4 Bh6 30. f4 Ng4 31. Ndf3 Rc8 32. Bb2 Rcc6 33. e5 dxe5 34.
Nxe5 Nxe5 35. fxe5 1-0

[Event "N� LL 2004/05"]
[Site "?"]
[Date "2004.11.14"]
[Round "5"]
[White "Svanda, Pavel"]
[Black "Lehner, Oliver"]
[Result "0-1"]
[WhiteElo "2277"]
[BlackElo "2414"]
[Annotator "Waidhofen : St.P�lten"]
[PlyCount "114"]

1. e4 e6 2. d4 d5 3. Nd2 c5 4. exd5 Qxd5 5. Ngf3 cxd4 6. Bc4 Qd6 7. O-O Nf6 8.
Nb3 Nc6 9. Nbxd4 Nxd4 10. Qxd4 Qxd4 11. Nxd4 a6 12. Re1 Bd7 13. Bg5 h6 14. Bh4
O-O-O 15. Nf3 Bb4 16. c3 Bd6 17. Ne5 Bxe5 18. Rxe5 Bc6 19. Re2 g5 20. Bg3 Nh5
21. Be5 Rhg8 22. f3 g4 23. f4 g3 24. f5 Rg4 25. Bb3 gxh2+ 26. Kxh2 exf5 27.
Bxf7 Nf4 28. Bxf4 Rxf4 29. g3 Re4 30. Rf2 f4 31. gxf4 Rf8 32. Bg6 Rexf4 33.
Rxf4 Rxf4 34. Rb1 Rf2+ 35. Kh3 Kc7 36. Bh7 Kb6 37. a3 Kc5 38. Kg3 Rg2+ 39. Kf4
Kc4 40. Be4 Bxe4 41. Kxe4 Re2+ 42. Kf3 Re6 43. Rd1 Kb3 44. Rd2 Rb6 45. Ke3 Ka2
46. b4+ Kxa3 47. Rd7 Re6+ 48. Kd4 b5 49. Kc5 Kb3 50. Rd3 Kc2 51. Rh3 Rg6 52. c4
Rg5+ 53. Kb6 bxc4 54. Kxa6 Rg6+ 55. Kb5 c3 56. Kc4 Kb2 57. b5 Rg4+ 0-1

[Event "N� LL 2004/05"]
[Site "?"]
[Date "2004.11.14"]
[Round "5"]
[White "R�hrl, Karl"]
[Black "Kropik, Martin"]
[Result "1-0"]
[WhiteElo "2225"]
[BlackElo "2076"]
[Annotator "Waidhofen : St.P�lten"]
[PlyCount "47"]

1. e4 c5 2. Nc3 Nc6 3. f4 g6 4. Nf3 Bg7 5. Bc4 Nf6 6. d3 d6 7. O-O O-O 8. h3 e6
9. a3 b6 10. Ba2 Bb7 11. f5 exf5 12. exf5 Qd7 13. fxg6 hxg6 14. Bg5 Nh5 15. Nd5
Nd4 16. c3 Ne6 17. g4 Nxg5 18. Nxg5 Qd8 19. Ne4 f5 20. gxf5 Kh8 21. Qg4 Bc8 22.
Qxg6 Qh4 23. Qg4 Bd4+ 24. Kh1 1-0

[Event "N� LL 2004/05"]
[Site "?"]
[Date "2004.12.12"]
[Round "6"]
[White "Lehner, Oliver"]
[Black "Hangweyrer, Manfred"]
[Result "1/2-1/2"]
[WhiteElo "2414"]
[BlackElo "2331"]
[Annotator "Stockerau : St.P�lten"]
[PlyCount "24"]

1. e4 d5 2. exd5 Qxd5 3. Nc3 Qd6 4. d4 Nf6 5. Nf3 a6 6. Bg5 Bg4 7. Be2 Nbd7 8.
Qd2 e6 9. O-O-O Be7 10. Rhe1 O-O-O 11. Qe3 Qb6 12. Ne5 Bxe2 1/2-1/2

[Event "N� LL 2004/05"]
[Site "?"]
[Date "2004.12.12"]
[Round "6"]
[White "Gr�tz, Harald"]
[Black "Ganaus, Hannes"]
[Result "0-1"]
[WhiteElo "2305"]
[BlackElo "2330"]
[Annotator "Stockerau : St.P�lten"]
[PlyCount "66"]

1. e4 g6 2. d4 d6 3. Nc3 a6 4. Nf3 Bg7 5. Be2 b5 6. a4 b4 7. Nd5 Nc6 8. a5 e6
9. Nf4 Nf6 10. O-O O-O 11. Bd3 e5 12. d5 Ne7 13. Ne2 c6 14. dxc6 Nxc6 15. Bc4
Nxa5 16. Nxe5 Bb7 17. Nxf7 Rxf7 18. Bxf7+ Kxf7 19. e5 Nd5 20. exd6 Nc4 21. Nf4
Qxd6 22. Nxd5 Qxd5 23. Qxd5+ Bxd5 24. Ra4 a5 25. b3 Nb6 26. Ra2 Be6 27. Bb2
Bxb2 28. Rxb2 Nd5 29. Ra2 Nc3 30. Raa1 Bf5 31. Rfe1 Bxc2 32. Re5 a4 33. bxa4 b3
0-1

[Event "N� LL 2004/05"]
[Site "?"]
[Date "2004.12.12"]
[Round "6"]
[White "R�hrl, Karl"]
[Black "Schmid, Thomas"]
[Result "1/2-1/2"]
[WhiteElo "2225"]
[BlackElo "2152"]
[Annotator "Stockerau : St.P�lten"]
[PlyCount "110"]

1. d4 Nf6 2. c4 g6 3. Nc3 Bg7 4. g3 O-O 5. Bg2 d6 6. e3 e5 7. Nge2 c6 8. O-O
Nbd7 9. b3 Re8 10. Qc2 exd4 11. Nxd4 Qc7 12. Bb2 Nc5 13. h3 h5 14. Rad1 a5 15.
e4 h4 16. g4 g5 17. Qd2 Nh7 18. Nf3 Qe7 19. Rfe1 Be5 20. Nxe5 dxe5 21. Ba3 Nxb3
22. Qb2 Nc5 23. Qc1 b6 24. Na4 Qa7 25. Nxc5 bxc5 26. Qe3 Be6 27. Bf1 Qa6 28.
Qxc5 Qc8 29. f3 f6 30. Rd6 Ra6 31. Red1 Nf8 32. Qf2 Kf7 33. Qd2 Ra7 34. Bc5 Ra6
35. a4 Qc7 36. Qc3 Re7 37. Rd8 Re8 38. Rxe8 Kxe8 39. Bd6 Qc8 40. c5 Ra8 41. Rb1
Kf7 42. Rb6 Nd7 43. Rb2 Nf8 44. Qc1 Kg6 45. Qb1 Bd7 46. Rb7 Ne6 47. Bc4 Qe8 48.
Qb6 Kh6 49. Kf2 Kg6 50. Ke3 Kh6 51. Bxe6 Qxe6 52. Qb3 Qxb3+ 53. Rxb3 Ra7 54.
Bb8 Ra8 55. Bc7 Kg6 1/2-1/2

[Event "N� LL 2004/05"]
[Site "?"]
[Date "2004.12.12"]
[Round "6"]
[White "Wolfram, Bernd"]
[Black "Neussner, Siegfried"]
[Result "1/2-1/2"]
[WhiteElo "2197"]
[BlackElo "2070"]
[Annotator "Stockerau : St.P�lten"]
[PlyCount "55"]

1. e4 e5 2. Nc3 Nf6 3. Nf3 Nc6 4. d4 exd4 5. Nd5 Be7 6. Bf4 d6 7. Nxd4 Nxd5 8.
exd5 Nxd4 9. Qxd4 Bf6 10. Qe3+ Qe7 11. O-O-O Qxe3+ 12. Bxe3 O-O 13. Bd3 Bd7 14.
h3 Rfe8 15. g4 h6 16. Rhe1 Bg5 17. Kd2 Bxe3+ 18. Rxe3 Rxe3 19. Kxe3 Rf8 20. f4
f5 21. Kf3 g5 22. Bxf5 Bxf5 23. gxf5 Rxf5 24. Rd4 Kg7 25. Rc4 Rxf4+ 26. Rxf4
gxf4 27. Kxf4 Kf6 28. c4 1/2-1/2

[Event "N� LL 2004/05"]
[Site "?"]
[Date "2004.12.12"]
[Round "6"]
[White "Svanda, Pavel"]
[Black "Winiwarter, Felix"]
[Result "1/2-1/2"]
[WhiteElo "2277"]
[BlackElo "2210"]
[Annotator "Krems : Waidhofen"]
[PlyCount "49"]

1. e4 e6 2. d4 d5 3. Nd2 Nf6 4. e5 Nfd7 5. Bd3 c5 6. c3 Nc6 7. Ne2 cxd4 8. cxd4
f6 9. exf6 Nxf6 10. O-O Bd6 11. Nf3 O-O 12. Bf4 Bxf4 13. Nxf4 Ne4 14. Ne2 Rxf3
15. gxf3 Ng5 16. Kh1 e5 17. dxe5 Nxf3 18. Ng1 Nfxe5 19. f4 Nxd3 20. Qxd3 d4 21.
Qc4+ Kh8 22. Nf3 Qf6 23. Ng5 h6 24. Rae1 Bf5 25. Nf7+ 1/2-1/2

[Event "N� LL 2004/05"]
[Site "?"]
[Date "2004.12.12"]
[Round "6"]
[White "W�ber, Friedrich"]
[Black "Piza, Vlastimil"]
[Result "0-1"]
[WhiteElo "2189"]
[BlackElo "2286"]
[Annotator "Krems : Waidhofen"]
[PlyCount "92"]

1. e4 c5 2. Nf3 d6 3. d4 cxd4 4. Nxd4 Nf6 5. Nc3 a6 6. Bc4 e6 7. O-O Nbd7 8.
Bg5 h6 9. Bh4 b5 10. Bxe6 fxe6 11. Nxe6 Qb6 12. Nd5 Qc6 13. Ndc7+ Ke7 14. Nxf8
Rxf8 15. Nxa8 Bb7 16. Qd4 Bxa8 17. f3 g5 18. Bg3 Nh5 19. e5 dxe5 20. Bxe5 Kf7
21. Rfe1 Re8 22. Rad1 Nhf6 23. Bxf6 Rxe1+ 24. Rxe1 Nxf6 25. Re5 Qd7 26. Qxd7+
Nxd7 27. Re3 Bd5 28. a3 Be6 29. Rc3 Ne5 30. Rc7+ Kf6 31. b3 Bf5 32. c4 bxc4 33.
bxc4 Be6 34. c5 Bc4 35. Rh7 Nf7 36. Kf2 Kg6 37. Rxf7 Kxf7 38. Ke3 Ke6 39. g3
Kd5 40. h4 gxh4 41. gxh4 Kxc5 42. Ke4 Bd5+ 43. Kf4 a5 44. h5 a4 45. Kg4 Be6+
46. Kf4 Bf7 0-1

[Event "N� LL 2004/05"]
[Site "?"]
[Date "2004.12.12"]
[Round "6"]
[White "Kropik, Martin"]
[Black "Mayer, Martin"]
[Result "1-0"]
[WhiteElo "2076"]
[BlackElo "2000"]
[Annotator "Krems : Waidhofen"]
[PlyCount "47"]

1. d4 d5 2. c4 e6 3. Nc3 Nf6 4. cxd5 exd5 5. Bg5 Be7 6. Qc2 c6 7. e3 O-O 8. Bd3
Nbd7 9. Nge2 Re8 10. O-O h6 11. Bh4 Ne4 12. Bxe7 Qxe7 13. Nxe4 dxe4 14. Bc4 Nf6
15. Nf4 g5 16. Ng6 Qd6 17. Ne5 Be6 18. f4 g4 19. Bxe6 Qxe6 20. f5 Qe7 21. Rf4
h5 22. Qf2 Kg7 23. Qh4 Nd5 24. f6+ 1-0

[Event "N� LL 2004/05"]
[Site "?"]
[Date "2004.12.12"]
[Round "6"]
[White "Walter, Martin"]
[Black "Rosenauer, Harald"]
[Result "1/2-1/2"]
[WhiteElo "1992"]
[BlackElo "1992"]
[Annotator "Krems : Waidhofen"]
[PlyCount "34"]

1. e4 Nf6 2. Nc3 c6 3. d4 d6 4. Nf3 g6 5. Be2 Bg7 6. O-O O-O 7. h3 b5 8. a3 a6
9. Be3 Bb7 10. e5 Nd5 11. Nxd5 cxd5 12. c3 Nc6 13. exd6 Qxd6 14. Qd2 Rfe8 15.
Bf4 Qd8 16. Rfe1 Qb6 17. Bf1 Na5 1/2-1/2

[Event "N�-LL 2004/05"]
[Site "?"]
[Date "2004.12.12"]
[Round "6"]
[White "Wukits, Rene"]
[Black "Weissenbeck, Manuel"]
[Result "1-0"]
[WhiteElo "2244"]
[BlackElo "2227"]
[Annotator "Mauerbach-Ternitz"]
[PlyCount "95"]
[EventDate "2004.??.??"]

1. d4 Nf6 2. Nf3 e6 3. c4 Bb4+ 4. Nc3 O-O 5. e3 b6 6. Bd3 Bb7 7. O-O Bxc3 8.
bxc3 c5 9. Nd2 d6 10. f4 Nbd7 11. a4 e5 12. fxe5 dxe5 13. d5 Qe7 14. e4 Ne8 15.
Nf3 Nd6 16. Ng5 Nf6 17. Qe1 h6 18. Nf3 Rae8 19. Nh4 Bc8 20. a5 g5 21. axb6 axb6
22. Rb1 Nh5 23. Nf5 Bxf5 24. exf5 Rb8 25. Rb2 Qf6 26. Be3 Nf4 27. Qb1 Nxd3 28.
Qxd3 e4 29. Qe2 Qxc3 30. f6 Qe5 (30... Nxc4 31. Bxg5 Qxb2 32. Qh5 Qd4+ 33. Kh1
Qd3 34. Rd1 Qxd1+ 35. Qxd1 hxg5) 31. Qh5 Kh7 32. Rbf2 Rg8 33. h4 (33. Bf4 Qxf4
34. Rxf4 gxf4 35. Qe5) 33... Rg6 34. hxg5 Rbg8 (34... Rxg5 35. Bxg5 Qxg5 36.
Qe2 b5 37. cxb5 Rxb5) 35. Bf4 Qd4 36. Bxd6 e3 37. Rf4 e2+ 38. Rxd4 exf1=Q+ 39.
Kxf1 cxd4 40. Be5 d3 41. Qd1 Rxg5 42. Qxd3+ Kh8 43. Qh3 Kh7 44. Bd4 b5 45. Qd7
Kg6 46. Qxb5 Rg4 47. Qb1+ Kh5 48. Be3 1-0